Statistics for Japan quiz ❤️

Click here to take the quiz!

General Stats

  • This quiz has been taken 18 times
  • The average score is 3 of 6

Answer Stats

QuestionAnswer% Correct
How many islands is Japan made out of?6852
80%
How many types of sushi are there?5
67%
How may species of mammals are in Japan?130
53%
How many km long is Japan?Over 3000
53%
Which year did the current emperor accede to the throne?1989
47%
Who is the tallest person in Japan?Chibi
40%

Score Distribution

Percentile by Number Answered

Percent of People with Each Score

Your Score History

You have not taken this quiz